Cambridge Ielts intensive training speaking : Foreign language teaching and research press
As far as this book is concerned, it is arranged into 24 units with a total of five chapters whose themes centre upon the three parts of the IELTS Speaking test. Especially, questions which are typical in the IELTS Speaking test are provided so that you can be well prepeared for your actual test in...
Zapisane w:
| Format: | Książka |
|---|---|
| Język: | Undetermined |
| Wydane: |
Thành phố Hồ Chí Minh
Tổng hợp
2014
|
| Hasła przedmiotowe: | |
| Etykiety: |
Dodaj etykietę
Nie ma etykietki, Dołącz pierwszą etykiete!
|
| Thư viện lưu trữ: | Trung tâm Học liệu Trường Đại học Cần Thơ |
|---|
| LEADER | 01087nam a2200205Ia 4500 | ||
|---|---|---|---|
| 001 | CTU_202376 | ||
| 008 | 210402s9999 xx 000 0 und d | ||
| 082 | |a 428.0076 | ||
| 082 | |b C178/CD | ||
| 245 | 0 | |a Cambridge Ielts intensive training speaking : | |
| 245 | 0 | |b Foreign language teaching and research press | |
| 245 | 0 | |c Đào Thúy Ngần (Biên tập) | |
| 260 | |a Thành phố Hồ Chí Minh | ||
| 260 | |b Tổng hợp | ||
| 260 | |c 2014 | ||
| 520 | |a As far as this book is concerned, it is arranged into 24 units with a total of five chapters whose themes centre upon the three parts of the IELTS Speaking test. Especially, questions which are typical in the IELTS Speaking test are provided so that you can be well prepeared for your actual test in the near future. | ||
| 650 | |a English language,Ngôn ngữ Anh,English language,Ngôn ngữ Anh | ||
| 650 | |x Speaking,Nói,Textbooks for foreign speakers,Sách giáo khoa dành cho người nước ngoài | ||
| 904 | |i Tuyến | ||
| 980 | |a Trung tâm Học liệu Trường Đại học Cần Thơ | ||